Utwory Stefana Żeromskiego - nagła śmierć - Statystyki

Ogólne statystyki
  • Ten quiz został rozwiązany 2 138 razy
  • Średni wynik to 5 z 12
Answers on the Grid
Answers color-coded by a green-red scale on the quiz's grid according to % correct below.
,,Wiatr od morza"
,,Ludzie bezdomni"
,,Wierna rzeka"
,,Przedwiośnie"
,,Rozdziobią nas kruki, wrony"
,,Echa leśne"
,,Popioły"
,,Syzyfowe prace"
,,Uciekła mi przepióreczka"
,,Sen o szpadzie"
,,Oko za oko"
,,Dzieje grzechu"
,,Zbrodnia i kara"
,,Folwark zwierzęcy"
,,Pan Wołodyjowski"
,,Bema pamięci żałobny rapsod"
,,Konfederaci barscy"
,,Lalka"
,,Wierny potok"
,,Nad Niemnem"
 
Statystyki odpowiedzi
Odpowiedź % Poprawnych
,,Syzyfowe prace"
77%
,,Przedwiośnie"
76%
,,Ludzie bezdomni"
72%
,,Rozdziobią nas kruki, wrony"
47%
,,Popioły"
43%
,,Wierna rzeka"
35%
,,Echa leśne"
30%
,,Wiatr od morza"
30%
,,Dzieje grzechu"
29%
,,Uciekła mi przepióreczka"
27%
,,Sen o szpadzie"
25%
,,Oko za oko"
22%
Nie znaleziono quizów pasujących do podanych kryteriów
Rozkład punktacji
Procent ludzi z każdym wynikiem
Percentyl według liczby udzielonych odpowiedzi
Twoja historia wyników
Nie rozwiązałeś tego quizu